Проблемы магнитного резонанса

Bibliographic Details
Corporate Author: Академия наук СССР Физический институт
Other Authors: Прохоров А. М. Александр Михайлович (редактор)
Summary:посвящается памяти академика Евгения Константиновича Завойского
Language:Russian
Published: Москва, Наука, 1978
Subjects:
Format: Book
KOHA link:https://koha.lib.tpu.ru/cgi-bin/koha/opac-detail.pl?biblionumber=126257

MARC

LEADER 00000nam0a2200000 4500
001 126257
005 20231031131809.0
035 |a (RuTPU)RU\TPU\book\136591 
090 |a 126257 
100 |a 20071126d1978 k y0rusy50 ca 
101 0 |a rus 
102 |a RU 
105 |a a z 001zy 
200 1 |a Проблемы магнитного резонанса  |f Академия наук СССР, Физический институт; под ред. А. М. Прохорова 
210 |a Москва  |c Наука  |d 1978 
215 |a 368 с.  |c ил. 
300 |a посвящается памяти академика Евгения Константиновича Завойского 
320 |a Библиография в конце статей 
600 1 |a Завойский  |b Е. К.  |f 1907-1976  |g Евгений Константинович  |c российский физик  |2 stltpush  |3 (RuTPU)RU\TPU\pers\12159 
610 1 |a магнитный резонанс 
610 1 |a физика 
610 1 |a применение 
610 1 |a ферромагнетики 
610 1 |a антиферромагнетики 
610 1 |a кластеры 
610 1 |a релаксация 
675 |a 538.2  |v 3 
702 1 |a Прохоров  |b А. М.  |g Александр Михайлович  |4 340 
712 0 2 |a Академия наук СССР  |b Физический институт  |2 stltpush  |3 (RuTPU)RU\TPU\col\11481 
801 1 |a RU  |b 63413507  |c 20071126  |g PSBO 
801 2 |a RU  |b 63413507  |c 20210209  |g PSBO 
942 |c BK